00473 a2200181 450000100060000002000150000604000240002110000230004524000320006824500270010030000070012736200090013444000120014365000240015594200070017995200880018699900170027468796 a850801712X cAnchieta - Itaigara aJunqueira, Sônia10aUm palhaço diferentelpor10aUm palhaço diferente a240 a2000 1aÁtica 4aLiteratura infantil cBK 00104070a88.1b88.1d2023-11-21l0p499/ITAr2023-11-21 20:03:06w2023-11-21yBK c68796d68796